Σύγχρονες θαλάσσιες μεταφορές και το φαινόμενο της πειρατείας : παγκοσμιοποίηση, Eυρωπαϊκή Ένωση και το διεθνές δίκαιο

Αποθηκεύτηκε σε:
Λεπτομέρειες βιβλιογραφικής εγγραφής
Κύριος συγγραφέας: Σιούσιουρας, Πέτρος Π., 1966-
Άλλοι συγγραφείς: Δαλακλής, Δημήτριος
Μορφή: Βιβλίο
Γλώσσα:Greek
Δημοσίευση: Αθήνα : Σιδέρης, c2011.
Θέματα:
Ετικέτες: Προσθήκη ετικέτας
Δεν υπάρχουν, Καταχωρήστε ετικέτα πρώτοι!

MARC

LEADER 00000nam a2200000 i 4500
001 1/40304
008 140120s2011 gre d
020 |a 9789600805895   |q (χαρτόδετο)  
035 |l 10116361 
040 |a GR-MY-UA  |b gre  |e aacr 
041 0 |a gre 
082 0 |a 341.772  
100 1 |a Σιούσιουρας, Πέτρος Π.,   |d 1966- . 
245 1 0 |a Σύγχρονες θαλάσσιες μεταφορές και το φαινόμενο της πειρατείας :   |b παγκοσμιοποίηση, Eυρωπαϊκή Ένωση και το διεθνές δίκαιο /   |c Πέτρος Σιούσουρας, Δημήτριος Δαλακλής.  
260 |a Αθήνα :   |b Σιδέρης,   |c c2011.  
300 |a 401 σ. :   |b εικ. ;   |c 24 εκ.  
504 |a Βιβλιογραφία: σ. 317-344.  
650 0 0 |a Piracy. 
650 0 0 |a Hijacking of ships. 
650 0 0 |a Law of the sea. 
650 0 0 |a Globalization. 
700 1 |a Δαλακλής, Δημήτριος. 
852 |a INST  |b CHIOS  |e 20141204  |h 341.772 ΣΙΟ  |p 005200035877  |q 005200035877  |t BK  |y 0 
852 |a INST  |b CHIOS  |e 20190619  |h 341.772 ΣΙΟ  |p 005200039323  |q 005200039323  |t BK  |y 0 
852 |a INST  |b CHIOS  |c EUDOXUS  |e 20140120  |h 341.772 ΣΙΟ  |p 005200036945  |q 005200036945  |t EDX  |y 0 
852 |a INST  |b CHIOS  |c EUDOXUS  |e 20150825  |h 341.772 ΣΙΟ  |p 005200037612  |q 005200037612  |t EDX  |y 0 
852 |a INST  |b CHIOS  |c EUDOXUS  |e 20190322  |h 341.772 ΣΙΟ  |p 005200038565  |q 005200038565  |t EDX  |y 0 
920 |a Εύδοξος  |b Επιστροφή   |y Χίος  |z 2014-01 
922 |a 2ΕΛΗ  |b 201405  |c ΤΑΚ/ΤΝΕΥ  |d Ιωαννίδου 
970 |a Σαλαμούρα  |b Μαρία  |z 20-01-2014 
920 |y Χίος  |z 2019-06-19 
920 |a Εύδοξος  |b Επιστροφή  |y Χίος  |z 2015-04